| 000 | 00846nam a2200253Ia 4500 | ||
|---|---|---|---|
| 003 | OSt | ||
| 005 | 20220918171339.0 | ||
| 006 | a|||||r|||| 00| 0 | ||
| 007 | ta | ||
| 008 | 220917b |||||||| |||| 00| 0 eng d | ||
| 020 |
_a9781517901004 (pbk) _cUKP 21.99 |
||
| 024 | _a325,769 | ||
| 037 |
_b53831, 12/01/2018, Segment Book Distributors _cTextual |
||
| 040 |
_aARTS _cARTS _beng |
||
| 041 |
_2eng _aeng |
||
| 082 | _aR853xN25:g, Q7 | ||
| 100 |
_aLambert Gregg Au. _936017 |
||
| 245 | 0 |
_aPhilosophy after friendship _b deleuze's conceptual personae |
|
| 260 |
_aMinneapolis _bUniversity of Minnesota Press USA _c2017 |
||
| 300 |
_a188p. _ccm. |
||
| 650 | _aDELEUZE, GILLES; PHILOSOPHERS | ||
| 942 |
_hR853xN25:g, Q7 _cTEXL _2CC |
||
| 999 |
_c139168 _d139168 |
||